Southville International School and Colleges
Your cart is empty.
  • Cart
  • Lists
    Public lists Eva Luna New books Lux_list list_1
    Your lists Log in to create your own lists
  • Log in to your account
  • Your cookies
  • Search history
Southville International School and Colleges
  • Advanced search
  • Recent comments
  • Most popular
  • Libraries

Log in to your account

Log in with GOOGLE


If you do not have an external account, but do have a local account, you can still log in:

  1. Home
  2. MARC view: I can add up /
Normal view MARC view ISBD view

I can add up / (Record no. 112699)

[ view plain ]
MARC details
000 -LEADER
fixed length control field 00507nam a2200169 a 4500
001 - CONTROL NUMBER
control field 0312
005 - DATE AND TIME OF LATEST TRANSACTION
control field 20140414131947.0
008 - FIXED-LENGTH DATA ELEMENTS--GENERAL INFORMATION
fixed length control field 040909s19uu xx 00 eng d
020 ## - INTERNATIONAL STANDARD BOOK NUMBER
International Standard Book Number 0-7460-3338-9
050 ## - LIBRARY OF CONGRESS CALL NUMBER
Classification number TR 372.7
Item number G35 1998
100 ## - MAIN ENTRY--PERSONAL NAME
Personal name Gibson, Ray
245 ## - TITLE STATEMENT
Title I can add up /
Statement of responsibility, etc By Ray Gibson ; illustrated by Amanda Barlow ; edited by Fiona Watt.
260 ## - PUBLICATION, DISTRIBUTION, ETC. (IMPRINT)
Place of publication, distribution, etc London :
Name of publisher, distributor, etc Usborne Publishing,
Date of publication, distribution, etc 1998.
300 ## - PHYSICAL DESCRIPTION
Extent 32 p. : ill. ; cm.
650 ## - SUBJECT ADDED ENTRY--TOPICAL TERM
Topical term or geographic name as entry element Counting
General subdivision Juvenile literature.
Holdings
Withdrawn status Lost status Damaged status Use restrictions Home library Current library Shelving location Date acquired Source of acquisition Total Checkouts Full call number Barcode Date last seen Price effective from Koha item type
        Munich Library Munich Library Teachers Reference Section 09/09/2004     TR 372.7 G35 1998 M4080 04/14/2014 04/14/2014 Books

I can add up /

APA

Gibson R., . (1998). I can add up. London: Usborne Publishing.

Chicago

Gibson Ray, . 1998. I can add up. London: Usborne Publishing.

Harvard

Gibson R., . (1998). I can add up. London: Usborne Publishing.

MLA

Gibson Ray, . I can add up. London: Usborne Publishing. 1998.

  • Place hold
  • Print
  • Cite
  • Add to your cart (remove)
  • Save record
    BIBTEX Dublin Core MARCXML MARC (non-Unicode/MARC-8) MARC (Unicode/UTF-8) MARC (Unicode/UTF-8, Standard) MODS (XML) RIS
  • More searches
    Search for this title in:
    Other Libraries (WorldCat) Other Databases (Google Scholar) Online Stores (Bookfinder.com) Open Library (openlibrary.org)

Exporting to Dublin Core...

SOUTHVILLE LIBRARY

Southville International School and Colleges Library

1281 Tropical Ave. Cor. Luxembourg St., BF Homes International, Las Pinas City

Tel. No. 8256374 / 252358 Loc. 117/146

Powered by Koha